000 00860nas a2200265 4500
001 BR0806733
003 BR-BrBNA
005 20231205112142.0
007 ta
008 230509b bl.|||p| |||| 00| 00por d
040 _aBR-BrBNA
_bpor
_cBiblioteca Nacional de Agricultura
041 _a(Pt)
072 _aP40; L20
100 1 _aArce, A.I.C.
100 1 _aSilva, A.C. de S.
100 1 _aSchalch, F.J.
100 1 _aTitto, E.A.L.
100 1 _aCosta, E.J.X.
245 1 _aDesenvolvimento de um sistema microcontrolado de monitoração da temperatura e avaliação do implante do elemento sensor digital em bovinos
650 _aBOVINO
650 _aTEMPERATURA
773 0 _tCiência Animal Brasileira (Brazil)
_xISSN 1518-2797
_g(Jul-Sep 2007), v. 8(3) p. 417-423
_wBR0806733
909 _a202311
_bLúcia
_c55
_dLúcia Elande
942 _2AGRIS
_n0
_cANA
999 _c196385
_d196385